sanah - Rozwijając Rilkego (J. Cygan) - Statystyki

Ogólne statystyki
  • Ten quiz został rozwiązany 11 razy
  • Średni wynik to 68 z 72
Statystyki odpowiedzi
Odpowiedź % Poprawnych
a
100%
A
100%
ale
100%
być
100%
ciszy
100%
Co
100%
Co
100%
dłoniach
100%
domu
100%
dotyk
100%
i
100%
I
100%
I
100%
I
100%
końcu
100%
kurzu
100%
miejsce
100%
modlitwą
100%
mogły
100%
na
100%
natarczywe
100%
Niewiele
100%
one
100%
Panie
100%
Panie
100%
Panie
100%
Panie
100%
przez
100%
siatkówce
100%
stopy
100%
stracisz
100%
stracisz
100%
Strzępy
100%
Tak
100%
także
100%
także
100%
tam
100%
to
100%
To
100%
Twe
100%
Twoim
100%
tylko
100%
W
100%
w
100%
w
100%
zachwyt
100%
złożonych
100%
znikną
100%
będzie
86%
dane
86%
dla
86%
dzieła
86%
Gdy
86%
hymn
86%
już
86%
moje
86%
niby
86%
Nietrwały
86%
oka
86%
próśb
86%
przypadkiem
86%
słowo
86%
Spojrzysz
86%
Twego
86%
Twój
86%
ucho
86%
ustaną
86%
wam
86%
Wygniecione
86%
zapis
86%
pieściły
71%
Proście
71%
Nie znaleziono quizów pasujących do podanych kryteriów
Rozkład punktacji
Procent ludzi z każdym wynikiem
Percentyl według liczby udzielonych odpowiedzi
Twoja historia wyników
Nie rozwiązałeś tego quizu